| 000 | 00809nam a22002297a 4500 | ||
|---|---|---|---|
| 005 | 20130719111918.0 | ||
| 010 | _aENG-104490 | ||
| 020 |
_a9788178358147 _c750.00 |
||
| 035 | _aEN-88023 | ||
| 035 | _aB-491420 | ||
| 037 | _bDBAD/PUB | ||
| 037 | _bLiteracy House/Ven | ||
| 082 | _a304.20954 | ||
| 245 | 0 | 0 |
_aHuman freedom and environment : _cedited by Indoo Pandey Khanduri _bcontemporary paradigms and moral strategies / |
| 260 |
_aDelhi _bKalpaz Publications _c2010 |
||
| 270 |
_aC-30, Satyawati Nagar, _b Delhi _e110052 |
||
| 300 |
_a327p. _c22cm (Hb) |
||
| 500 | _aIncludes index | ||
| 700 |
_aKhanduri, Indoo Pandey _937565 |
||
| 942 |
_2ddc _cEN _mHUM _h304.20954 |
||
| 999 |
_c59958 _d59958 |
||